000
00331nam a22001457a 4500
008
221024b ||||| |||| 00| 0 eng d
020
_a
9780130467119
041
_a
eng
080
_a
004
082
_a
004
100
_a
19
101
_a
SHK
245
_a
DIGITAL LOGIC SIMULATION CPLD PROGRAMMING
_c
WATERMAN S
942
_2
udc
_c
BK
999
_c
58662
_d
58662